<?xml version="1.0" encoding="UTF-8"?>
<record
    xmlns:xsi="http://www.w3.org/2001/XMLSchema-instance"
    xsi:schemaLocation="http://www.loc.gov/MARC21/slim http://www.loc.gov/standards/marcxml/schema/MARC21slim.xsd"
    xmlns="http://www.loc.gov/MARC21/slim">

  <leader>00262    a2200121   4500</leader>
  <controlfield tag="005">20251218135645.0</controlfield>
  <datafield tag="020" ind1=" " ind2=" ">
    <subfield code="a">9789365891034</subfield>
  </datafield>
  <datafield tag="100" ind1=" " ind2=" ">
    <subfield code="a">Kanetkar Y.P.</subfield>
    <subfield code="9">215898</subfield>
  </datafield>
  <datafield tag="245" ind1=" " ind2=" ">
    <subfield code="a">Let Us Python</subfield>
  </datafield>
  <datafield tag="250" ind1=" " ind2=" ">
    <subfield code="a">7th</subfield>
  </datafield>
  <datafield tag="260" ind1=" " ind2=" ">
    <subfield code="b">BPB Publications</subfield>
    <subfield code="c">2019</subfield>
  </datafield>
  <datafield tag="942" ind1=" " ind2=" ">
    <subfield code="c">AR</subfield>
  </datafield>
  <datafield tag="999" ind1=" " ind2=" ">
    <subfield code="c">369430</subfield>
    <subfield code="d">369430</subfield>
  </datafield>
  <datafield tag="952" ind1=" " ind2=" ">
    <subfield code="0">0</subfield>
    <subfield code="1">0</subfield>
    <subfield code="2">ddc</subfield>
    <subfield code="4">0</subfield>
    <subfield code="7">0</subfield>
    <subfield code="a">CCEP</subfield>
    <subfield code="b">CCEP</subfield>
    <subfield code="d">2025-12-19</subfield>
    <subfield code="e">149</subfield>
    <subfield code="g">337.50</subfield>
    <subfield code="l">5</subfield>
    <subfield code="o">005.13'3 KAN</subfield>
    <subfield code="p">CCEP-BK-70066</subfield>
    <subfield code="q">2026-04-13</subfield>
    <subfield code="r">2026-03-30 15:16:46</subfield>
    <subfield code="s">2026-03-30</subfield>
    <subfield code="v">450.00</subfield>
    <subfield code="w">2025-12-19</subfield>
    <subfield code="y">BK</subfield>
  </datafield>
</record>
